000 00429nam a2200145Ia 4500
008 220204s9999 xx 000 0 und d
020 _a0070604606
082 _a54.08:681.2(035)
_bKHA
100 _aKhandpur, R S
245 0 _aHandbook of analytical instruments
260 _aNew Delhi
_bTata Mc-Graw Hill
_c2006
650 _aEnvironemntal pollution monitoring instruments
650 _aRadiochemical instruments
942 _cBK
999 _c42642
_d42642